000 00761nam a2200229 i 4500
003 DO-SdBNP
005 20250128134301.0
007 ta
008 240913s1987 dr a 000 0 spa d
040 _aDO-SdBNP
_bspa
_cBNPHU
_erda
082 _bC957
_222
100 1 _aCruz Mendoza, Roberto
_911765
_eautor
245 1 0 _aTécnicas de elaboración e interpretación de mapas :
_bCurso /
_cRoberto Cruz Mendoza
264 1 _aHigüey, República Dominicana :
_bMuseo Nacional de Historia y Geografía,
_c1987.
300 _a52 páginas,
_bilustraciones
_c28 cm.
336 _2rdacontent
_atexto
_btxt
337 _2rdamedia
_asin mediación
_bn
338 _2rdacarrier
_avolumen
_bnc
590 _aInventariado, 2024/ YL
910 _aYLockward
942 _2ddc
_cLBS1
999 _c57680
_d57680